000 00251nam a22001097a 4500
082 _a300
100 _aBabade , B. R.
_976539
245 _aFamil Planning and Population
260 _aDelhi
_bRupa Pub
_c2019
650 _aSociology
_980242
942 _cBK
999 _c63667
_d63667